[Event "Titled Tuesday 2023.04.25 Late"]
[Site "Chess.com INT"]
[Date "2023.04.25"]
[Round "2"]
[White "Keleberda, Tymur"]
[Black "Donchenko, Alexander"]
[Result "0-1"]
[WhiteElo "2282"]
[BlackElo "2664"]
[WhiteFideId "-1"]
[BlackFideId "-1"]
[PlyCount "128"]
[GameId "1907910682132480"]
[EventDate "2023.04.25"]
[EventType "swiss (blitz)"]
[EventRounds "11"]
[EventCountry "NET"]
[SourceTitle "EXT 2024"]
[Source "ChessBase"]
[SourceDate "2023.10.10"]
[SourceVersion "1"]
[SourceVersionDate "2023.10.10"]
[SourceQuality "1"]

1. e4 c6 2. d4 d5 3. e5 Bf5 4. h4 h5 5. Bd3 Bxd3 6. Qxd3 Qa5+ 7. Bd2 Qa6 8. e6 Qxd3 9. exf7+ Kxf7 10. cxd3 Nd7 11. Nf3 Nh6 12. Bxh6 Rxh6 13. Ng5+ Kg8 14. f4 e6 15. Nd2 Bd6 16. g3 c5 17. Ndf3 cxd4 18. Nxd4 e5 19. Nf5 Bb4+ 20. Ke2 Rf6 21. Ne3 exf4 22. Nxd5 Re8+ 23. Kd1 fxg3 24. Nxf6+ Nxf6 25. Kc2 Re2+ 26. Kb3 Bc5 27. Rhc1 b6 28. d4 Bxd4 29. Rc8+ Ne8 30. Rd1 g2 31. Nf3 Re3+ 32. Kc4 Rxf3 33. Rxe8+ Kf7 34. Ree1 g1=Q 35. Rxg1 Bxg1 36. Rxg1 Rf4+ 37. Kb5 Rxh4 38. b3 Rh2 39. a4 h4 40. Ka6 Rb2 41. Rf1+ Ke6 42. Rf3 g5 43. Kxa7 g4 44. Rf4 Rg2 45. Kxb6 h3 46. a5 h2 47. Rf1 Rg1 48. Rf8 h1=Q 49. Re8+ Kf7 50. Rc8 Rc1 51. Rc5 Qg1 52. b4 Qd4 53. Kb5 Rxc5+ 54. bxc5 Ke7 55. c6 Kd8 56. a6 Kc7 57. a7 Qxa7 58. Kc4 Kxc6 59. Kd3 Qf2 60. Ke4 g3 61. Ke5 g2 62. Ke4 g1=Q 63. Kd3 Qgg3+ 64. Ke4 Qff4# 0-1

[Event "Titled Tuesday 2023.04.25 Late"]
[Site "Chess.com INT"]
[Date "2023.04.25"]
[Round "3"]
[White "Capp, Stephen P"]
[Black "Keleberda, Tymur"]
[Result "0-1"]
[WhiteElo "1920"]
[BlackElo "2282"]
[WhiteFideId "-1"]
[BlackFideId "-1"]
[PlyCount "110"]
[GameId "1907910683127808"]
[EventDate "2023.04.25"]
[EventType "swiss (blitz)"]
[EventRounds "11"]
[EventCountry "NET"]
[SourceTitle "EXT 2024"]
[Source "ChessBase"]
[SourceDate "2023.10.10"]
[SourceVersion "1"]
[SourceVersionDate "2023.10.10"]
[SourceQuality "1"]

1. e4 c5 2. Nc3 d6 3. f4 g6 4. Nf3 Bg7 5. Bb5+ Nd7 6. a4 a6 7. Bc4 e6 8. d3 b6 9. O-O Ne7 10. Bb3 O-O 11. Qe1 Bb7 12. Bd2 d5 13. e5 Rc8 14. Kh1 Nc6 15. Ne2 Qe7 16. c3 c4 17. Bc2 cxd3 18. Bxd3 f6 19. exf6 Bxf6 20. Qg3 Nc5 21. Bc2 Ne4 22. Bxe4 dxe4 23. Ng5 Bxg5 24. fxg5 Rf5 25. Rae1 Rcf8 26. Rxf5 exf5 27. Nf4 Ne5 28. Be3 Qd6 29. Bd4 Nd3 30. Nxd3 Qxg3 31. hxg3 exd3 32. Re7 Rf7 33. Re8+ Rf8 34. Re7 Rb8 35. Re1 Be4 36. Kg1 b5 37. a5 Kf7 38. Kf2 Rc8 39. Ke3 Ke6 40. Rh1 Rc7 41. Rh2 Kd5 42. b3 b4 43. c4+ Kc6 44. g4 Re7 45. gxf5 Bxf5+ 46. Kd2 Re2+ 47. Kd1 Ra2 48. Rxh7 Bg4+ 49. Ke1 d2+ 50. Kf2 d1=Q+ 51. Kg3 Qxd4 52. c5 Qe3+ 53. Kh4 Rxg2 54. Rc7+ Kxc7 55. c6 Qh3# 0-1

[Event "Titled Tuesday 2023.04.25 Late"]
[Site "chess.com INT"]
[Date "2023.04.25"]
[Round "1"]
[White "Govender, Kaedan"]
[Black "Keleberda, Tymur"]
[Result "0-1"]
[WhiteElo "1288"]
[BlackElo "2282"]
[WhiteFideId "-1"]
[BlackFideId "-1"]
[PlyCount "40"]
[GameId "2130307560906465"]
[EventDate "2023.04.25"]
[EventType "swiss (blitz)"]
[EventRounds "11"]
[EventCountry "NET"]
[SourceTitle "The Week in Chess 1486"]
[Source "Mark Crowther"]
[SourceDate "2023.05.01"]
[SourceVersion "1"]
[SourceVersionDate "2023.05.01"]
[SourceQuality "2"]

1. d4 Nf6 2. c4 e6 3. Nc3 Bb4 4. a3 Bxc3+ 5. bxc3 c5 6. f3 Qa5 7. Bd2 d5 8. Nh3 dxc4 9. e4 cxd4 10. cxd4 c3 11. Bg5 Nc6 12. Rc1 O-O 13. Bxf6 gxf6 14. Qc2 Qxa3 15. Qxc3 Qxc3+ 16. Rxc3 Nxd4 17. f4 Bd7 18. Bc4 Rac8 19. Rg3+ Kh8 20. Bd3 Rc1+ 0-1

[Event "Titled Tuesday 2023.04.25 Late"]
[Site "chess.com INT"]
[Date "2023.04.25"]
[Round "4"]
[White "Bilych, Olexiy"]
[Black "Keleberda, Tymur"]
[Result "1-0"]
[WhiteElo "2423"]
[BlackElo "2282"]
[WhiteFideId "-1"]
[BlackFideId "-1"]
[PlyCount "49"]
[GameId "2130307560914769"]
[EventDate "2023.04.25"]
[EventType "swiss (blitz)"]
[EventRounds "11"]
[EventCountry "NET"]
[SourceTitle "The Week in Chess 1486"]
[Source "Mark Crowther"]
[SourceDate "2023.05.01"]
[SourceVersion "1"]
[SourceVersionDate "2023.05.01"]
[SourceQuality "2"]

1. d4 Nf6 2. c4 e6 3. Nf3 b6 4. g3 Bb7 5. Bg2 Be7 6. O-O O-O 7. Re1 Na6 8. Nc3 Ne4 9. Bd2 d5 10. cxd5 Nxc3 11. Bxc3 exd5 12. Ne5 Nb4 13. Qa4 a5 14. a3 Bd6 15. Rad1 Ba6 16. axb4 axb4 17. Bxb4 Bxe2 18. Qb3 Bxd1 19. Rxd1 c5 20. Bc3 c4 21. Qb5 Bxe5 22. dxe5 Qe7 23. Bxd5 Rac8 24. Bb4 Qxe5 25. Bxf7+ 1-0

[Event "Grand Pacific op"]
[Site "Victoria CAN"]
[Date "2023.04.07"]
[Round "1.5"]
[White "Leong, Aiden"]
[Black "Keleberda, Tymur"]
[Result "1/2-1/2"]
[WhiteElo "2009"]
[BlackElo "2301"]
[WhiteFideId "-1"]
[BlackFideId "-1"]
[PlyCount "61"]
[GameId "2160767907233000"]
[EventDate "2023.04.07"]
[EventType "swiss"]
[EventRounds "6"]
[EventCountry "CAN"]

1. c4 Nf6 2. g3 e6 3. Bg2 d5 4. Nf3 dxc4 5. Qa4+ Nbd7 6. Qxc4 a6 7. Qb3 c5 8. O-O Qc7 9. d4 cxd4 10. Nxd4 Bc5 11. Be3 O-O 12. Rc1 Qd6 13. Rd1 Ng4 14. Nc6 Qc7 15. Bxc5 Nxc5 16. Qb4 bxc6 17. Qxc5 Rb8 18. b3 Rb5 19. Qc2 Rf5 20. Bf3 Ne5 21. Be4 Rh5 22. Nd2 f5 23. Bg2 f4 24. Qe4 Ng4 25. h3 Nxf2 26. Kxf2 Qb6+ 27. Ke1 Qg1+ 28. Nf1 fxg3 29. Kd2 Rc5 30. Qe3 Qf2 31. Qxf2 1/2-1/2

[Event "Grand Pacific op"]
[Site "Victoria CAN"]
[Date "2023.04.08"]
[Round "2.10"]
[White "Keleberda, Tymur"]
[Black "Moffat, Andrei"]
[Result "1-0"]
[WhiteElo "2301"]
[BlackElo "2024"]
[WhiteFideId "-1"]
[BlackFideId "-1"]
[PlyCount "89"]
[GameId "2160767907233014"]
[EventDate "2023.04.07"]
[EventType "swiss"]
[EventRounds "6"]
[EventCountry "CAN"]

1. e4 c5 2. Nf3 Nc6 3. Bb5 e6 4. b3 Nge7 5. O-O a6 6. Bxc6 Nxc6 7. Bb2 b6 8. d4 cxd4 9. Nxd4 Bb7 10. c4 Qc7 11. Nc3 Be7 12. Nc2 h5 13. Qe2 Ne5 14. h3 Rh6 15. Rfe1 O-O-O 16. Na4 Bc5 17. Nxc5 bxc5 18. Qe3 Rg6 19. f4 Nc6 20. Qxc5 Qxf4 21. Re2 d6 22. Qe3 Qxe3+ 23. Nxe3 Ne5 24. c5 Bxe4 25. Bxe5 dxe5 26. Nc4 Bd3 27. Nb6+ Kb7 28. Rxe5 Bb5 29. a4 Bc6 30. Re2 Rd3 31. b4 Rxh3 32. Nc4 Rhg3 33. Nd6+ Kc7 34. Raa2 Bd5 35. Rab2 Rc3 36. Nxf7 h4 37. Rbc2 Rxc2 38. Rxc2 h3 39. b5 axb5 40. axb5 hxg2 41. b6+ Kb7 42. c6+ Kxb6 43. c7 Bb7 44. Nd6 Rf6 45. Nxb7 1-0

[Event "Grand Pacific op"]
[Site "Victoria CAN"]
[Date "2023.04.08"]
[Round "3.5"]
[White "Keleberda, Tymur"]
[Black "Jiang, Brandon"]
[Result "1-0"]
[WhiteElo "2301"]
[BlackElo "2219"]
[WhiteFideId "-1"]
[BlackFideId "-1"]
[PlyCount "67"]
[GameId "2160767907233020"]
[EventDate "2023.04.07"]
[EventType "swiss"]
[EventRounds "6"]
[EventCountry "CAN"]

1. e4 e5 2. Nf3 Nc6 3. Bc4 Bc5 4. c3 Bb6 5. d4 Qe7 6. O-O Nf6 7. d5 Nd8 8. Bd3 O-O 9. Nbd2 g6 10. c4 d6 11. Rb1 Ne8 12. Qc2 c6 13. b4 Bd7 14. a4 a5 15. c5 Bc7 16. b5 dxc5 17. dxc6 bxc6 18. b6 Bd6 19. Nc4 Nb7 20. Qc3 f6 21. Nfd2 Be6 22. Nb3 Bxc4 23. Bxc4+ Kh8 24. Qd3 Qd8 25. Bh6 Ng7 26. Rfd1 Qe7 27. Ba6 Rfd8 28. Qc4 Ne8 29. Bxb7 Qxb7 30. Nxc5 Qe7 31. Na6 Qb7 32. Nc7 Nxc7 33. Qf7 Bf8 34. Qxf6+ 1-0

[Event "Grand Pacific op"]
[Site "Victoria CAN"]
[Date "2023.04.09"]
[Round "4.3"]
[White "Villavieja, Butch"]
[Black "Keleberda, Tymur"]
[Result "0-1"]
[WhiteElo "2209"]
[BlackElo "2301"]
[WhiteFideId "-1"]
[BlackFideId "-1"]
[PlyCount "66"]
[GameId "2160767907233028"]
[EventDate "2023.04.07"]
[EventType "swiss"]
[EventRounds "6"]
[EventCountry "CAN"]

1. e4 c5 2. Nf3 d6 3. d4 cxd4 4. Nxd4 Nf6 5. Nc3 a6 6. Rg1 e5 7. Nb3 Be7 8. g4 h6 9. h4 Nh7 10. h5 Bg5 11. Nd5 Be6 12. Bd2 Bxd5 13. Ba5 Qd7 14. exd5 O-O 15. Bd2 Qa4 16. Qe2 Nd7 17. Rg3 Ndf6 18. Qc4 Qxc4 19. Bxc4 Rac8 20. Bxg5 Rxc4 21. Bxf6 Nxf6 22. O-O-O Rfc8 23. f3 Rxc2+ 24. Kb1 Rf2 25. Nd2 Re2 26. Rc1 Rxc1+ 27. Kxc1 Nxd5 28. Ne4 Ne3 29. g5 d5 30. Nc3 Rc2+ 31. Kb1 Rh2 32. a3 Rxh5 33. gxh6 Rxh6 0-1

[Event "Grand Pacific op"]
[Site "Victoria CAN"]
[Date "2023.04.09"]
[Round "5"]
[White "Keleberda, Tymur"]
[Black "Moura, Eduardo"]
[Result "1-0"]
[WhiteElo "2282"]
[BlackElo "2102"]
[WhiteFideId "-1"]
[BlackFideId "-1"]
[PlyCount "69"]
[GameId "2160767907233034"]
[EventDate "2023.04.07"]
[EventType "swiss"]
[EventRounds "6"]
[EventCountry "CAN"]
[SourceTitle "CBM 213 Extra"]
[Source "ChessBase"]
[SourceDate "2023.05.31"]
[SourceVersion "1"]
[SourceVersionDate "2023.05.31"]
[SourceQuality "1"]

1. e4 d6 2. d4 Nf6 3. Nc3 e5 4. Nf3 Nbd7 5. Bc4 h6 6. O-O Be7 7. a4 a5 8. Re1 O-O 9. h3 c6 10. Be3 Qc7 11. Ba2 Re8 12. Nh4 Nf8 13. dxe5 dxe5 14. Qf3 Be6 15. Nf5 Bxa2 16. Rxa2 Ne6 17. Ne2 Ng5 18. Bxg5 hxg5 19. Qe3 g6 20. Nxe7+ Qxe7 21. Nc1 Nd7 22. Nd3 Nf8 23. Ra3 f6 24. Nc5 Ne6 25. Nxe6 Qxe6 26. Rb3 Red8 27. Rxb7 Rd4 28. h4 Rad8 29. hxg5 Rd1 30. Rxd1 Rxd1+ 31. Kh2 f5 32. Qa7 Rd8 33. Rg7+ Kf8 34. Rh7 Qg8 35. Qe7# 1-0

[Event "Grand Pacific op"]
[Site "Victoria CAN"]
[Date "2023.04.10"]
[Round "6.1"]
[White "Malek, Omid"]
[Black "Keleberda, Tymur"]
[Result "1/2-1/2"]
[WhiteElo "2153"]
[BlackElo "2301"]
[WhiteFideId "-1"]
[BlackFideId "-1"]
[PlyCount "63"]
[GameId "2160767907233047"]
[EventDate "2023.04.07"]
[EventType "swiss"]
[EventRounds "6"]
[EventCountry "CAN"]

1. d4 Nf6 2. Bf4 e6 3. e3 d5 4. Nf3 Bd6 5. Bg5 Nbd7 6. Nbd2 h6 7. Bh4 c5 8. c3 Qc7 9. Bd3 b6 10. Qe2 Bb7 11. e4 dxe4 12. Nxe4 Nxe4 13. Bxe4 Bxe4 14. Qxe4 O-O 15. Bg3 Bxg3 16. hxg3 cxd4 17. Nxd4 Nf6 18. Qe2 Rfd8 19. O-O Rd5 20. Rfd1 Rad8 21. Nc2 Qd6 22. Ne3 Rd2 23. Rxd2 Qxd2 24. Kf1 Qd7 25. Rd1 Qe8 26. Rxd8 Qxd8 27. Qd1 Qe8 28. Qd3 Qa4 29. Qd8+ Kh7 30. Qd3+ Kg8 31. Qd8+ Kh7 32. Qd3+ 1/2-1/2

[Event "Titled Tuesday 2023.02.28 Late"]
[Site "chess.com INT"]
[Date "2023.02.28"]
[Round "3"]
[White "Keleberda, Tymur"]
[Black "Ansh, M Shah"]
[Result "0-1"]
[WhiteElo "2272"]
[BlackElo "2178"]
[WhiteFideId "-1"]
[BlackFideId "-1"]
[PlyCount "202"]
[GameId "2130307563110471"]
[EventDate "2023.02.28"]
[EventType "swiss (blitz)"]
[EventRounds "11"]
[EventCountry "NET"]
[SourceTitle "The Week in Chess 1478"]
[Source "Mark Crowther"]
[SourceDate "2023.03.06"]
[SourceVersion "1"]
[SourceVersionDate "2023.03.06"]
[SourceQuality "2"]

1. e4 c6 2. d4 d5 3. e5 Bf5 4. h4 h5 5. Bd3 Bxd3 6. Qxd3 Qa5+ 7. Nd2 e6 8. c4 Ne7 9. Ngf3 Qa6 10. Qc2 Nf5 11. O-O Be7 12. c5 Nxh4 13. a4 b6 14. Nxh4 Bxh4 15. Nf3 Be7 16. b4 Qb7 17. Rb1 b5 18. a5 Nd7 19. Bg5 Nf8 20. Qd2 a6 21. Rb3 O-O-O 22. Qf4 Nh7 23. Qg3 Rdg8 24. Qh4 Nxg5 25. Nxg5 Qd7 26. f4 f6 27. exf6 gxf6 28. Nf3 Rg4 29. Qh2 Rhg8 30. Re1 Rxg2+ 31. Qxg2 Rxg2+ 32. Kxg2 Qe8 33. Nh4 f5 34. Nf3 Qg6+ 35. Ng5 Bxg5 36. Rg3 Qf6 37. fxg5 Qg6 38. Kf3 h4 39. Rgg1 Kd7 40. Kf4 Ke7 41. Re3 Kf7 42. Rh3 Qh5 43. g6+ Kg7 44. Rg2 Qd1 45. Rxh4 Qxd4+ 46. Kg3 Qe3+ 47. Kh2 Qe5+ 48. Kh3 Qc3+ 49. Rg3 Qe1 50. Rh7+ Kg8 51. Rg2 f4 52. Rb7 Qh1+ 53. Rh2 Qf3+ 54. Kh4 Qg3+ 55. Kh5 Qxh2+ 56. Kg5 Qg3+ 57. Kf6 Qh4+ 58. Kxe6 Qg4+ 59. Kf6 Qh4+ 60. Kf5 f3 61. Rb8+ Kg7 62. Rb7+ Kf8 63. Rb8+ Ke7 64. Rb7+ Kd8 65. g7 Qh3+ 66. Ke5 Qh7 67. Rb8+ Ke7 68. g8=Q Qxg8 69. Rxg8 f2 70. Rg7+ Kf8 71. Rg6 f1=Q 72. Rxc6 Qc4 73. Rc7 Qxb4 74. c6 Qxa5 75. Rd7 Ke8 76. Rh7 Qe1+ 77. Kd6 Qf2 78. c7 Qb6+ 79. Ke5 Qb7 80. Rh8+ Kd7 81. c8=Q+ Qxc8 82. Rh7+ Kc6 83. Rh1 Kb6 84. Rh6+ Qc6 85. Rh1 Qc7+ 86. Ke6 Qc5 87. Rh7 Qc4 88. Kd6 Ka5 89. Ra7 Kb4 90. Re7 d4 91. Re4 a5 92. Re1 d3 93. Rb1+ Qb3 94. Rh1 d2 95. Rh4+ Qc4 96. Rxc4+ Kxc4 97. Kc6 d1=Q 98. Kb6 Qd5 99. Kxa5 b4+ 100. Ka6 Qb5+ 101. Ka7 b3 0-1

[Event "Titled Tuesday 2023.02.21 Late"]
[Site "Chess.com INT"]
[Date "2023.02.21"]
[Round "7"]
[White "Grigoriants, Sergey"]
[Black "Keleberda, Tymur"]
[Result "1-0"]
[WhiteElo "2572"]
[BlackElo "2272"]
[WhiteFideId "-1"]
[BlackFideId "-1"]
[PlyCount "99"]
[GameId "1885118146093056"]
[EventDate "2023.02.21"]
[EventType "swiss (blitz)"]
[EventRounds "11"]
[EventCountry "NET"]
[SourceTitle "CBM 212 Extra"]
[Source "ChessBase"]
[SourceDate "2023.03.31"]
[SourceVersion "1"]
[SourceVersionDate "2023.03.31"]
[SourceQuality "1"]

1. d4 Nf6 2. c4 e6 3. Nc3 Bb4 4. e3 O-O 5. Bd3 b6 6. Nge2 Bb7 7. O-O d5 8. cxd5 exd5 9. Bd2 Re8 10. Rc1 Nbd7 11. Nb5 Bxd2 12. Qxd2 Rc8 13. Nxa7 Rb8 14. Nc6 Bxc6 15. Rxc6 Ne4 16. Qc2 Rb7 17. Rc1 Qh4 18. Bxe4 dxe4 19. Rxc7 Nf6 20. Rxb7 Ng4 21. Ng3 Qxh2+ 22. Kf1 Nxe3+ 23. fxe3 Qxg3 24. Qf2 Qg6 25. Rc6 Qh5 26. g4 Qb5+ 27. Kg1 Qd5 28. Rcc7 Rf8 29. b3 h5 30. Rxf7 Rxf7 31. Qxf7+ Qxf7 32. Rxf7 Kxf7 33. gxh5 Kf6 34. a4 Kg5 35. b4 Kxh5 36. a5 bxa5 37. bxa5 Kg4 38. a6 Kf3 39. a7 Kxe3 40. a8=Q Kxd4 41. Qa7+ Kd3 42. Kf2 g5 43. Qe3+ Kc4 44. Qxe4+ Kc3 45. Ke2 g4 46. Qxg4 Kb2 47. Qc4 Kb1 48. Kd2 Kb2 49. Qb4+ Ka2 50. Kc2 1-0

[Event "Titled Tuesday 2023.02.14 Late"]
[Site "Chess.com INT"]
[Date "2023.02.14"]
[Round "6"]
[White "Keleberda, Tymur"]
[Black "Korchmar, Vasiliy"]
[Result "0-1"]
[WhiteElo "2272"]
[BlackElo "2438"]
[WhiteFideId "-1"]
[BlackFideId "-1"]
[PlyCount "94"]
[GameId "1882572453081088"]
[EventDate "2023.02.14"]
[EventType "swiss (blitz)"]
[EventRounds "11"]
[EventCountry "NET"]
[SourceTitle "CBM 212 Extra"]
[Source "ChessBase"]
[SourceDate "2023.03.31"]
[SourceVersion "1"]
[SourceVersionDate "2023.03.31"]
[SourceQuality "1"]

1. e4 c5 2. Nf3 d6 3. Bb5+ Nd7 4. Ba4 Ngf6 5. O-O Nxe4 6. Re1 Nef6 7. d4 e6 8. d5 e5 9. Nxe5 Be7 10. Nf3 O-O 11. Bxd7 Bxd7 12. h3 Bf5 13. c4 Ne4 14. Nbd2 Nxd2 15. Bxd2 Bf6 16. Qc1 a6 17. a4 b5 18. Bc3 bxc4 19. Bxf6 Qxf6 20. Nd2 Bd3 21. Nxc4 Bxc4 22. Qxc4 Qxb2 23. Rab1 Qf6 24. Rb6 a5 25. Reb1 Rfe8 26. Qb5 h5 27. Qc6 Rad8 28. Qb5 Re5 29. Qxa5 Rxd5 30. Rb7 h4 31. Qb5 Rg5 32. Qc6 Rf5 33. Qe4 Rf4 34. Qd3 Rxa4 35. Rb8 Ra8 36. Rxa8 Rxa8 37. Qe4 Rd8 38. Rd1 g6 39. Rd5 Kg7 40. Qd3 Re8 41. g3 hxg3 42. Qxg3 Re6 43. Qd3 Re1+ 44. Kg2 Re6 45. Qg3 c4 46. Qa3 c3 47. Qb3 Re2 0-1

[Event "Titled Tuesday 2023.02.07 Early"]
[Site "Chess.com INT"]
[Date "2023.02.07"]
[Round "10"]
[White "Keleberda, Tymur"]
[Black "Averjanov, Alexey"]
[Result "1-0"]
[WhiteElo "2272"]
[BlackElo "2399"]
[WhiteFideId "-1"]
[BlackFideId "-1"]
[PlyCount "67"]
[GameId "1880040946159616"]
[EventDate "2023.02.07"]
[EventType "swiss (blitz)"]
[EventRounds "11"]
[EventCountry "NET"]
[SourceTitle "EXT 2024"]
[Source "ChessBase"]
[SourceDate "2023.10.10"]
[SourceVersion "1"]
[SourceVersionDate "2023.10.10"]
[SourceQuality "1"]

1. e4 c6 2. d4 d5 3. e5 Bf5 4. h4 h5 5. Bd3 Bxd3 6. Qxd3 e6 7. Bg5 Qa5+ 8. Nd2 Qa6 9. c4 Bb4 10. Ngf3 Nd7 11. a3 dxc4 12. Qc2 Nb6 13. O-O Bxd2 14. Nxd2 Nh6 15. a4 Nf5 16. a5 Nd5 17. Nxc4 f6 18. exf6 gxf6 19. Rfe1 O-O-O 20. Be3 Rhg8 21. Qe4 Rde8 22. Rac1 Rg4 23. Qb1 Reg8 24. g3 Nxg3 25. fxg3 Rxg3+ 26. Kh2 Rg2+ 27. Kh1 R2g4 28. Bf2 Kd7 29. Qh7+ R8g7 30. Qxh5 Qb5 31. Rxe6 Kxe6 32. Qe8+ Kf5 33. Nd6+ Kf4 34. Qe4# 1-0

[Event "Titled Tuesday 2023.02.07 Early"]
[Site "chess.com INT"]
[Date "2023.02.07"]
[Round "4"]
[White "Keleberda, Tymur"]
[Black "Portal Ramos, Cristhian"]
[Result "1-0"]
[WhiteElo "2272"]
[BlackElo "2250"]
[WhiteFideId "-1"]
[BlackFideId "-1"]
[PlyCount "69"]
[GameId "2130307563721338"]
[EventDate "2023.02.07"]
[EventType "swiss (blitz)"]
[EventRounds "11"]
[EventCountry "NET"]
[SourceTitle "The Week in Chess 1475"]
[Source "Mark Crowther"]
[SourceDate "2023.02.13"]
[SourceVersion "1"]
[SourceVersionDate "2023.02.13"]
[SourceQuality "2"]

1. e4 c6 2. d4 d5 3. e5 Bf5 4. h4 h5 5. Bd3 Qa5+ 6. Bd2 Qb6 7. Bxf5 e6 8. Bd3 Qxb2 9. Bc3 Bb4 10. Qd2 Bxc3 11. Qxc3 Qc1+ 12. Ke2 Qf4 13. g3 Qg4+ 14. Nf3 c5 15. Qxc5 Nc6 16. Nbd2 Nge7 17. c3 b6 18. Qa3 O-O 19. Nf1 f6 20. Ne3 Qxf3+ 21. Kxf3 fxe5+ 22. Ke2 exd4 23. cxd4 Nxd4+ 24. Kf1 Nec6 25. Kg2 Ne5 26. Rad1 Rf6 27. Qd6 Nec6 28. Nxd5 exd5 29. Qxd5+ Kh8 30. Qxh5+ Rh6 31. Qd5 Rf8 32. Be4 Rhf6 33. Rxd4 Rxf2+ 34. Kh3 Ne5 35. Qxe5 1-0

[Event "Titled Tuesday 2023.01.24 Late"]
[Site "Chess.com INT"]
[Date "2023.01.24"]
[Round "1"]
[White "Keleberda, Tymur"]
[Black "Stead, Kerry"]
[Result "1-0"]
[WhiteElo "2282"]
[BlackElo "1952"]
[WhiteFideId "-1"]
[BlackFideId "-1"]
[PlyCount "65"]
[GameId "1874951557177344"]
[EventDate "2023.01.24"]
[EventType "swiss (blitz)"]
[EventRounds "11"]
[EventCountry "NET"]
[SourceTitle "EXT 2024"]
[Source "ChessBase"]
[SourceDate "2023.10.10"]
[SourceVersion "1"]
[SourceVersionDate "2023.10.10"]
[SourceQuality "1"]

1. e4 c6 2. d4 d5 3. e5 Bf5 4. h4 h5 5. Bd3 Bxd3 6. Qxd3 Qb6 7. e6 Nf6 8. exf7+ Kxf7 9. Nf3 Nbd7 10. Ng5+ Ke8 11. Qg6+ Kd8 12. Nf7+ Kc8 13. Nxh8 e5 14. O-O Qxd4 15. Nc3 Qxh4 16. Bg5 Qb4 17. Qf7 Kc7 18. Ng6 Bd6 19. Qxg7 Ne4 20. Nxe4 Qxe4 21. Rae1 Qf5 22. Be7 e4 23. Bxd6+ Kxd6 24. f3 exf3 25. Rxf3 Qg4 26. Rf6+ Kc7 27. Rf7 Rd8 28. Ne5 Qd4+ 29. Kf1 Kc8 30. Nxd7 Qxg7 31. Rxg7 Rxd7 32. Rxd7 Kxd7 33. Re5 1-0

[Event "Titled Tuesday 2023.01.24 Late"]
[Site "Chess.com INT"]
[Date "2023.01.24"]
[Round "3"]
[White "Keleberda, Tymur"]
[Black "Vaglio Munoz, Jaime"]
[Result "1-0"]
[WhiteElo "2282"]
[BlackElo "2174"]
[WhiteFideId "-1"]
[BlackFideId "-1"]
[PlyCount "113"]
[GameId "1874951558606848"]
[EventDate "2023.01.24"]
[EventType "swiss (blitz)"]
[EventRounds "11"]
[EventCountry "NET"]
[SourceTitle "EXT 2024"]
[Source "ChessBase"]
[SourceDate "2023.10.10"]
[SourceVersion "1"]
[SourceVersionDate "2023.10.10"]
[SourceQuality "1"]

1. e4 e6 2. d4 d5 3. Nc3 dxe4 4. Nxe4 Nf6 5. Nxf6+ Qxf6 6. Nf3 h6 7. Bd3 Nc6 8. O-O Bd6 9. Re1 O-O 10. c3 e5 11. d5 Ne7 12. c4 Bg4 13. Be4 Nf5 14. h3 Bxf3 15. Qxf3 Nd4 16. Qxf6 gxf6 17. Be3 f5 18. Bxd4 fxe4 19. Be3 Kg7 20. c5 Be7 21. b4 f5 22. Rad1 Rfd8 23. a3 h5 24. Bc1 Kf6 25. Bb2 a5 26. f3 axb4 27. axb4 Ra2 28. Re2 e3 29. f4 Rxb2 30. fxe5+ Kxe5 31. Rxb2 f4 32. Kf1 Rxd5 33. Rxd5+ Kxd5 34. Rc2 c6 35. Ke2 Kd4 36. Rc1 Bd8 37. Rd1+ Kc4 38. Rxd8 Kxb4 39. Rd7 Kxc5 40. Rxb7 Kd4 41. Rf7 Ke4 42. Rc7 Kd5 43. Rh7 c5 44. Rxh5+ Kd4 45. Rh8 c4 46. Rd8+ Ke4 47. Rc8 Kd4 48. h4 c3 49. h5 Ke4 50. Rxc3 Kf5 51. Rc8 Kg5 52. Rh8 Kg4 53. h6 Kg3 54. Rg8+ Kh2 55. h7 Kg1 56. h8=Q f3+ 57. gxf3# 1-0

[Event "Titled Tuesday 2023.01.24 Late"]
[Site "Chess.com INT"]
[Date "2023.01.24"]
[Round "5"]
[White "Predke, Alexandr"]
[Black "Keleberda, Tymur"]
[Result "1-0"]
[WhiteElo "2684"]
[BlackElo "2282"]
[WhiteFideId "-1"]
[BlackFideId "-1"]
[PlyCount "65"]
[GameId "1874951560142848"]
[EventDate "2023.01.24"]
[EventType "swiss (blitz)"]
[EventRounds "11"]
[EventCountry "NET"]
[SourceTitle "EXT 2024"]
[Source "ChessBase"]
[SourceDate "2023.10.10"]
[SourceVersion "1"]
[SourceVersionDate "2023.10.10"]
[SourceQuality "1"]

1. d4 Nf6 2. Nf3 e6 3. g3 b6 4. Bg2 Bb7 5. O-O Be7 6. c4 O-O 7. Nc3 Ne4 8. Qc2 Nxc3 9. Qxc3 c5 10. Rd1 Bf6 11. Qd3 Qc8 12. d5 e5 13. Bg5 Qd8 14. h4 d6 15. Bh3 Bxg5 16. hxg5 Bc8 17. Bxc8 Qxc8 18. Kg2 Re8 19. Qe4 Nd7 20. Rh1 Nf8 21. Rh3 Rb8 22. Rah1 b5 23. Rxh7 Nxh7 24. Qxh7+ Kf8 25. Nh4 Qg4 26. Nf5 Qe4+ 27. Kg1 Qb1+ 28. Kh2 Qxf5 29. Qxf5 bxc4 30. g6 f6 31. Qd7 Re7 32. Qxd6 Rxb2 33. Kg2 1-0

[Event "Titled Tuesday 2023.01.24 Late"]
[Site "Chess.com INT"]
[Date "2023.01.24"]
[Round "6"]
[White "Keleberda, Tymur"]
[Black "Kaganskiy, Gleb"]
[Result "1-0"]
[WhiteElo "2282"]
[BlackElo "2173"]
[WhiteFideId "-1"]
[BlackFideId "-1"]
[PlyCount "49"]
[GameId "1874951560556544"]
[EventDate "2023.01.24"]
[EventType "swiss (blitz)"]
[EventRounds "11"]
[EventCountry "NET"]
[SourceTitle "EXT 2024"]
[Source "ChessBase"]
[SourceDate "2023.10.10"]
[SourceVersion "1"]
[SourceVersionDate "2023.10.10"]
[SourceQuality "1"]

1. e4 e6 2. d4 d5 3. Nc3 Bb4 4. e5 c5 5. a3 Bxc3+ 6. bxc3 Ne7 7. Qg4 Qc7 8. Qxg7 Rg8 9. Qxh7 cxd4 10. Ne2 Nbc6 11. f4 Bd7 12. Qd3 dxc3 13. Nxc3 Nf5 14. Bd2 a6 15. Ne2 Na5 16. Nd4 Nxd4 17. Qxd4 Bb5 18. Bxb5+ axb5 19. O-O Qxc2 20. Rac1 Nb3 21. Rxc2 Nxd4 22. Rc7 Rg6 23. Kf2 Rxa3 24. Rfc1 Kf8 25. Bb4+ 1-0